The horse in motion as shown by instantaneous photography : with a study on animal mechanics founded on anatomy and the revelations of the camera, in which is demonstrated the theory of quadrupedal locomotion /

Bibliographic Details
Main Author: Stillman, J. D. B. (Jacob Davis Babcock), 1819-1888
Other Authors: Muybridge, Eadweard, 1830-1904
Format: Book
Language:English
Published: Boston : J. R. Osgood and Company, 1882.
Subjects:

MARC

Tag First Indicator Second Indicator Subfields
LEADER 00000cam a2200000 4500
001 in00000664483
005 20151015082921.0
008 780417s1882 mauaf 00010 eng a
010 |a agr09000940  
035 |a (OCoLC)03806402 
035 |9 ACX9800AM 
040 |a DLC  |c TLM  |d TXA  |d UtOrBLW 
049 |a TXAS  |c [129812] 
050 0 0 |a SF289  |b .S8 
090 |a SF289  |b .S8 1882 
092 |a 636.10892  |b S857h, 1882 
100 1 |a Stillman, J. D. B.  |q (Jacob Davis Babcock),  |d 1819-1888. 
245 1 4 |a The horse in motion as shown by instantaneous photography :  |b with a study on animal mechanics founded on anatomy and the revelations of the camera, in which is demonstrated the theory of quadrupedal locomotion /  |c By J. D. B. Stillman ... Executed and published under the auspices of Leland Stanford. 
264 1 |a Boston :  |b J. R. Osgood and Company,  |c 1882. 
300 |a viii, [9]-127 pages :  |b illustrations, CVII plate (part color; including frontispiece) ;  |c 32 x 25 cm. 
336 |a text  |b txt  |2 rdacontent 
337 |a unmediated  |b n  |2 rdamedia 
338 |a volume  |b nc  |2 rdacarrier 
500 |a The original photographs that served as the basis of the analysis of the paces, were executed by E. J. Muybridge. cf. Pref., p. [iii]; and Appendix, pages [123]-127. 
650 0 |a Horses. 
650 0 |a Animal locomotion. 
700 1 |a Muybridge, Eadweard,  |d 1830-1904. 
999 |a MARS 
999 f f |s ee83e467-573f-3fc4-8233-c9b22f939edc  |i 8ddb8b21-a280-3835-bc02-a175cea74afb  |t 0 
952 f f |p noncirc  |a Texas A&M University  |b College Station  |c Cushing Memorial Library & Archives  |d Cushing: Rare Books (Does not check out)  |t 0  |e SF289 .S8 1882  |h Library of Congress classification  |i unmediated -- volume 
998 f f |a SF289 .S8 1882  |t 0  |l Cushing: Rare Books (Does not check out)